| 000 | 00761nam a2200229 a 4500 | ||
|---|---|---|---|
| 005 | 20210316150224.0 | ||
| 008 | 120830s2017 enk |||gr|||| 00| 0 eng d | ||
| 020 | _a9781138934290 | ||
| 040 |
_aCO-BoUCM _bspa _cDeissy Garcia _dDeissy Garcia |
||
| 041 | _aeng | ||
| 100 |
_aAlden, Chris _9102393 |
||
| 245 | 1 | 0 |
_aForeign policy analysis _bnew approaches _cChris Alden, Amnon Aran |
| 250 | _a2a.Ed. | ||
| 260 |
_aLondres _bRoutledge _c2017 |
||
| 300 | _a viii, 186 páginas | ||
| 504 | _aIncluye referencias bibliográficas e índices | ||
| 650 | 7 |
_98042 _aRelaciones internacionales |
|
| 650 | 7 |
_921982 _aPolítica exterior |
|
| 700 | 1 |
_9102761 _aAran, Amnon |
|
| 942 |
_cLIBRO _2DEWEY _a6 _e2 _h327.1 _mA358f _n0 |
||
| 999 |
_c318570 _d318570 |
||